• 首页
  • 本馆介绍
  • 公告通知
  • 最新文献
  • 馆藏检索
  • 电子资源
  • 读者导购
  • 参考咨询
  • 我的图书馆
  • 登录
  • 详细信息显示
  • 放入我的书架
  • 预约/预借图书
  • 作者相关作品
  • 分类相关作品
  • 丛书相关作品
  • 出版社相关作品

书目信息

  • 表格格式
  • 工作单格式
  • 卡片格式
题名:
海伦·凯勒自传
    
 
作者: 凯勒 著 ;冯红 译
分册:  
出版信息: 北京   中国书籍出版社  2018
页数: 242页
开本: 20cm
丛书名:
单 册:
中图分类: K837.127=533 , K837.12
科图分类:
主题词: 政治人物--自传--美国--现代
电子资源:
ISBN: 978-7-5068-6500-5
000 01304nam0 2200277 450
001 2335722473
005 20231221101407.75
010    @a978-7-5068-6500-5@dCNY28.00
100    @a20231013d2018 em y0chiy50 ea
101 1  @achi@ceng
102    @aCN@b110000
105    @ay z 000ya
200 1  @a海伦·凯勒自传@Ahai lun ·kai le zi zhuan@f海伦·凯勒著@d= The story for my life@fby Helen Keller@g冯红译@zeng
210    @a北京@c中国书籍出版社@d2018
215    @a242页@d20cm
314    @a海伦·凯勒, 1880-1968, 美国女作家、教育家、慈善家、社会活动家。
330    @a本书以翔实的笔触描写了一个盲聋人的奋斗历程, 这种不畏艰难、自强不息的精神使得海伦·凯勒成为鼓舞人心的人物之一。从早年的懵懂无知, 到与安妮·苏立文的师生情谊, 再到难以忘怀的学院生活, 海伦那朴实无华的文字使我们得以领略到她惊人的智慧和伟大的人格。整整一个多世纪过去了, 今天我们重读这部著作时, 依然会为其间闪耀的人性光辉和人生华彩深深震撼, 依然能从这样一首遒劲的生命之歌中汲取前行的勇气。
510 1  @aStory for my life@zeng
600  1 @a凯勒@g(Keller, Helen),@f1880-1968@x自传
606 0  @a政治人物@x自传@y美国@z现代
690    @aK837.127=533@v5
690    @aK837.12@v4
701  1 @a凯勒@Akai le@g(Keller, Helen),@f1880-1968@4著
702  0 @a冯红@Afeng hong@4译
801  0 @aCN@b湖北三新@c20231013
905    @aZUCC@dK837.12@e106
    
    海伦·凯勒自传/海伦·凯勒著= The story for my life/by Helen Keller/冯红译.-北京:中国书籍出版社,2018
    242页;20cm
    
    
    ISBN 978-7-5068-6500-5:CNY28.00
    本书以翔实的笔触描写了一个盲聋人的奋斗历程, 这种不畏艰难、自强不息的精神使得海伦·凯勒成为鼓舞人心的人物之一。从早年的懵懂无知, 到与安妮·苏立文的师生情谊, 再到难以忘怀的学院生活, 海伦那朴实无华的文字使我们得以领略到她惊人的智慧和伟大的人格。整整一个多世纪过去了, 今天我们重读这部著作时, 依然会为其间闪耀的人性光辉和人生华彩深深震撼, 依然能从这样一首遒劲的生命之歌中汲取前行的勇气。
●
相关链接 在五车中查询图书 在当当中查询图书 在豆瓣中查询图书


正题名:海伦·凯勒自传     索取号:K837.12/106         预约/预借

序号 登录号 条形码 馆藏地/架位号 状态 备注
1 2001274246   2001274246   413书库/ [索取号:K837.12/106] 在馆    
2 2001274247   2001274247   413书库/ [索取号:K837.12/106] 在馆    
3 2001274248   2001274248   413书库/ [索取号:K837.12/106] 在馆    
4 2001274249   2001274249   413书库/ [索取号:K837.12/106] 在馆    
5 2001274250   2001274250   413书库/ [索取号:K837.12/106] 在馆    
6 2001274251   2001274251   413书库/ [索取号:K837.12/106] 在馆    
7 2001274252   2001274252   413书库/ [索取号:K837.12/106] 在馆    
8 2001274253   2001274253   413书库/ [索取号:K837.12/106] 在馆    
9 2001274254   2001274254   413书库/ [索取号:K837.12/106] 在馆    
10 2001274255   2001274255   413书库/ [索取号:K837.12/106] 在馆    
11 2001274256   2001274256   413书库/ [索取号:K837.12/106] 在馆    
12 2001274257   2001274257   413书库/ [索取号:K837.12/106] 在馆    
13 2001274258   2001274258   413书库/ [索取号:K837.12/106] 在馆    
14 2001274259   2001274259   413书库/ [索取号:K837.12/106] 在馆    
15 2001274260   2001274260   413书库/ [索取号:K837.12/106] 在馆    
16 2001274261   2001274261   413书库/ [索取号:K837.12/106] 在馆    
17 2001274262   2001274262   413书库/ [索取号:K837.12/106] 在馆    
18 2001274263   2001274263   413书库/ [索取号:K837.12/106] 在馆    
19 2001274264   2001274264   413书库/ [索取号:K837.12/106] 在馆    
20 2001274265   2001274265   413书库/ [索取号:K837.12/106] 在馆    
21 2001274266   2001274266   413书库/ [索取号:K837.12/106] 在馆    
22 2001274267   2001274267   413书库/ [索取号:K837.12/106] 在馆    
23 2001274268   2001274268   413书库/ [索取号:K837.12/106] 在馆    
24 2001274269   2001274269   413书库/ [索取号:K837.12/106] 在馆    
25 2001274270   2001274270   413书库/ [索取号:K837.12/106] 在馆    
26 2001274271   2001274271   413书库/ [索取号:K837.12/106] 在馆    
27 2001274272   2001274272   413书库/ [索取号:K837.12/106] 在馆    
28 2001274273   2001274273   413书库/ [索取号:K837.12/106] 在馆    
29 2001274274   2001274274   413书库/ [索取号:K837.12/106] 在馆    
30 2001274275   2001274275   413书库/ [索取号:K837.12/106] 在馆    
山东省滨州职业学院图书馆 欢迎您!
大连网信软件有限公司© 版权所有